000
00342nam a22001577a 4500
003
SGT
020
_a
9789332586116
082
_a
150
_b
S24B
100
_a
BRANSCOMBE, NYLA R.
245
_a
SOCIAL PSYCHOLOGY
250
_a
14TH
260
_a
INDIA
_b
PEARSON PUB
_c
2024
300
_a
570
650
_a
CLINICAL PSYCHOLOGY
942
_2
ddc
_c
BK
999
_c
26853
_d
26853